Home mortgage finance Act, 2008 (Act 770) (Record no. 6048)
[ view plain ]
| 000 -LEADER | |
|---|---|
| fixed length control field | 00331nam a22001217a 4500 |
| 245 ## - TITLE STATEMENT | |
| Title | Home mortgage finance Act, 2008 (Act 770) |
| Statement of responsibility, etc | by Republic of Ghana |
| 246 ## - VARYING FORM OF TITLE | |
| Title proper/short title | Home Mortgage Finance Act |
| 260 ## - PUBLICATION, DISTRIBUTION, ETC. (IMPRINT) | |
| Place of publication, distribution, etc | Accra |
| Name of publisher, distributor, etc | Assembly Pres |
| 300 ## - PHYSICAL DESCRIPTION | |
| Extent | 21p. |
| 440 ## - SERIES STATEMENT/ADDED ENTRY--TITLE | |
| Title | Acts of Parliament |
| 650 ## - SUBJECT ADDED ENTRY--TOPICAL TERM | |
| Topical term or geographic name as entry element | Home mortgage Finance Act |
| 942 ## - ADDED ENTRY ELEMENTS (KOHA) | |
| Item type | Reference |
| Withdrawn status | Lost status | Source of classification or shelving scheme | Damaged status | Not for loan | Collection code | Home library | Current library | Shelving location | Date acquired | Total Checkouts | Barcode | Date last seen | Price effective from | Koha item type |
|---|---|---|---|---|---|---|---|---|---|---|---|---|---|---|
| Dewey Decimal Classification | Not For Loan | Reference | Methodist University Law Library | Methodist University Law Library | Reference | 28/08/2019 | 7991 | 28/08/2019 | 28/08/2019 | Reference |